00839cam a2200241 450000100060000000300080000600500170001400800410003103500190007204000230009104100080011408200260012210000400014824500600018826000550024830000370030335000100034050400300035065000440038094200120042499900170043695201440045345751BD-RjUL20211209054049.0160728s1969 cauab bs 000 0 eng  a(BD-RjUL)45869 aDLCcDLCdDLCbeng aeng00a363.620212bGUW 1969 1 aGuyol, Nathaniel B.,d1908-913995014aThe world electric power industry / c[by] N. B. Guyol. aBerkeley :bUniversity of California Press,c1969. axviii, 366 p. :bill. ; c29 cm. a20.00 aBibliography: p. 355-366. 0aElectric utilitiesxStatistics.9139951 2ddccBK c45751d45751 00102ddc40708NFICaRUCLbRUCLcStackd1970-11-12eZeithlingerg190.00l0o363.620212 GUW 1969r2016-07-28 00:00:00tC-2w2016-07-28yBK